00587 2200193 4500001002100000005001500021035002000036007000300056008004100059020001800100082001000118084001600128100002600144245007700170250002900247260004400276300004900320650002400369INLIS00000000000447120260326022318 a0010-0326000066ta260326 g 0 ind  a979-20-5466-9 a658.4 a658.4 HAR r0 aHarmanto Edy Djatmiko1 aRahasia Sukses The Best Ceo Indonesia /cHarmanto Edy Djatmiko (Penulis) aCetakan Kedua: Juli 2004 aJakarta :bElex Media Komputindo,c2004 aviii; 191 Halaman :bIlustrasi; Teks ;c21cm 4aManajemen Eksekutif